[Event "Oberliga Nord O 1920"]
[Site "Germany"]
[Date "2019.12.08"]
[Round "4.6"]
[White "Kuersten, Ruediger"]
[Black "Kaiser, Martin"]
[Result "1-0"]
[WhiteElo "2184"]
[BlackElo "2146"]
[PlyCount "53"]
[EventDate "2019.09.29"]
[EventType "team-tourn"]
[EventRounds "9"]
[EventCountry "GER"]
[SourceTitle "CBM 195 Extra"]
[Source "ChessBase"]
[SourceDate "2020.05.31"]
[SourceVersion "1"]
[SourceVersionDate "2020.05.31"]
[SourceQuality "1"]

1. d4 Nf6 2. Nf3 d5 3. c4 e6 4. e3 Be7 5. Nc3 0-0 6. Bd3 dxc4 7. Bxc4 c5 8. 0-0 cxd4 9. Nxd4 a6 10. a4 e5 11. Nb3 Qc7 12. Nd5 Nxd5 13. Bxd5 Nd7 14. Bd2 Nf6 15. Ba5 Qd6 16. Bf3 e4 17. Qxd6 Bxd6 18. Be2 Be5 19. Nd4 Bxd4 20. exd4 Nd5 21. Bc4 Be6 22. Rfe1 Rac8 23. b3 f5 24. f3 b5 25. axb5 axb5 26. Bxb5 Nc3 27. Ba6 1-0

[Event "Oberliga Nord O 1415"]
[Site "Germany"]
[Date "2015.02.01"]
[Round "6.8"]
[White "Wagner Michel, Annett"]
[Black "Kaiser, Martin"]
[Result "0-1"]
[WhiteElo "2162"]
[BlackElo "2168"]
[PlyCount "70"]
[EventDate "2014.09.21"]
[EventType "team-tourn"]
[EventRounds "9"]
[EventCountry "GER"]
[SourceTitle "EXT 2016"]
[Source "ChessBase"]
[SourceDate "2015.10.08"]
[SourceVersion "1"]
[SourceVersionDate "2015.10.08"]
[SourceQuality "1"]
[WhiteTeam "Berlin Rotation"]
[BlackTeam "Weisse Dame"]
[WhiteTeamCountry "GER"]
[BlackTeamCountry "GER"]

1. e4 c5 2. Nf3 Nc6 3. Bb5 g6 4. 0-0 Bg7 5. Re1 e5 6. Bxc6 dxc6 7. b3 Nh6 8. Bb2 f6 9. d3 0-0 10. Nbd2 Nf7 11. Qe2 Nd6 12. a4 Be6 13. Qe3 b6 14. Nf1 Qe7 15. Ng3 Nf7 16. Qe2 a5 17. Nf1 Rae8 18. N1d2 Qc7 19. Bc3 Bc8 20. Nc4 Nd8 21. Rad1 Ne6 22. Qf1 Nd4 23. Nxd4 cxd4 24. Bd2 f5 25. exf5 gxf5 26. f3 e4 27. Re2 e3 28. Be1 f4 29. Rc1 Re6 30. Kh1 c5 31. c3 Rh6 32. cxd4 Bxd4 33. Na3 Qf7 34. Nc4 Bf5 35. Rec2 e2 0-1

[Event "Oberliga Nord O 1415"]
[Site "Germany"]
[Date "2014.09.21"]
[Round "1.7"]
[White "Lenz, Tobias"]
[Black "Kaiser, Martin"]
[Result "1-0"]
[WhiteElo "1947"]
[BlackElo "2168"]
[PlyCount "59"]
[EventDate "2014.09.21"]
[EventType "team-tourn"]
[EventRounds "9"]
[EventCountry "GER"]
[SourceTitle "EXT 2016"]
[Source "ChessBase"]
[SourceDate "2015.10.08"]
[SourceVersion "1"]
[SourceVersionDate "2015.10.08"]
[SourceQuality "1"]
[WhiteTeam "Fuerstenwalde"]
[BlackTeam "Weisse Dame"]
[WhiteTeamCountry "GER"]
[BlackTeamCountry "GER"]

1. d4 Nf6 2. g3 g6 3. Bg2 Bg7 4. Nf3 0-0 5. 0-0 c5 6. c3 cxd4 7. cxd4 d6 8. Nc3 Nc6 9. e4 e5 10. dxe5 dxe5 11. Qxd8 Rxd8 12. Bg5 h6 13. Bxf6 Bxf6 14. Nd5 Bg7 15. h3 Bd7 16. Rfc1 Kf8 17. Rc3 Nd4 18. Nxd4 exd4 19. Rb3 b6 20. a4 Rac8 21. Rd3 Rc2 22. b3 Rdc8 23. Rad1 Rb2 24. R1d2 Rc1+ 25. Kh2 Rxd2 26. Rxd2 f5 27. Nf4 Kf7 28. Ne2 Re1 29. Nxd4 fxe4 30. Nc2 1-0

[Event "Oberliga Nord O 0910"]
[Site "Germany"]
[Date "2010.04.11"]
[Round "9.6"]
[White "Kaiser, Martin"]
[Black "Woll, Wilfried"]
[Result "1-0"]
[WhiteElo "2181"]
[BlackElo "2160"]
[PlyCount "59"]
[EventDate "2009.10.18"]
[EventType "team-tourn"]
[EventRounds "9"]
[EventCountry "GER"]
[SourceTitle "EXT 2011"]
[Source "ChessBase"]
[SourceDate "2010.11.26"]
[SourceVersion "1"]
[SourceVersionDate "2010.11.26"]
[SourceQuality "1"]
[WhiteTeam "Weisse Dame"]
[BlackTeam "Greifswald"]
[WhiteTeamCountry "GER"]
[BlackTeamCountry "GER"]

1. c4 e6 2. Nf3 Nf6 3. b3 d5 4. Bb2 dxc4 5. bxc4 c5 6. g3 Nbd7 7. Bg2 Be7 8. 0-0 0-0 9. Qc2 Qc7 10. e4 a6 11. e5 Ng4 12. Re1 Rb8 13. h3 Nh6 14. Nc3 b5 15. Ne4 Nf5 16. cxb5 axb5 17. g4 Nh4 18. Nxh4 Bxh4 19. Nd6 Qb6 20. Be4 h6 21. d4 c4 22. Reb1 Ba6 23. Bc3 Qa7 24. a4 b4 25. Rxb4 Rxb4 26. Bxb4 Qxd4 27. Rd1 Qb6 28. Nb5 Nc5 29. Rd6 Bxf2+ 30. Qxf2 1-0

[Event "Oberliga Nord O 0910"]
[Site "Germany"]
[Date "2010.02.28"]
[Round "7.5"]
[White "Schnitzer, Peter"]
[Black "Kaiser, Martin"]
[Result "0-1"]
[WhiteElo "2170"]
[BlackElo "2181"]
[PlyCount "80"]
[EventDate "2009.10.18"]
[EventType "team-tourn"]
[EventRounds "9"]
[EventCountry "GER"]
[SourceTitle "EXT 2011"]
[Source "ChessBase"]
[SourceDate "2010.11.26"]
[SourceVersion "1"]
[SourceVersionDate "2010.11.26"]
[SourceQuality "1"]
[WhiteTeam "Kreuzberg"]
[BlackTeam "Weisse Dame"]
[WhiteTeamCountry "GER"]
[BlackTeamCountry "GER"]

1. e4 c5 2. Nf3 Nc6 3. d4 cxd4 4. Nxd4 g6 5. c4 Nf6 6. Nc3 d6 7. Be2 Nxd4 8. Qxd4 Bg7 9. Be3 0-0 10. Qd2 Be6 11. Rc1 Qa5 12. f3 Rfc8 13. b3 a6 14. Na4 Qxd2+ 15. Kxd2 Nd7 16. g4 f5 17. gxf5 gxf5 18. Rhg1 Rf8 19. Bd3 Ne5 20. Be2 f4 21. Bf2 Kf7 22. Nb6 Rad8 23. Nd5 Bxd5 24. cxd5 Bf6 25. Rc7 Rd7 26. Rgc1 Rfd8 27. Bb6 Rg8 28. Bd4 Rxc7 29. Rxc7 Nxf3+ 30. Bxf3 Bxd4 31. Rxb7 Rc8 32. Be2 a5 33. Bc4 Rg8 34. Ke2 Rg2+ 35. Kf3 Rf2+ 36. Kg4 Be5 37. h4 Rxa2 38. Ra7 Rg2+ 39. Kf5 f3 40. Rxa5 f2 0-1

[Event "Berlin op 09"]
[Site "Berlin"]
[Date "2006.10.03"]
[Round "4"]
[White "Knopf, Roland"]
[Black "Kaiser, Martin"]
[Result "1/2-1/2"]
[WhiteElo "1930"]
[BlackElo "2186"]
[PlyCount "85"]
[EventDate "2006.09.30"]
[EventType "swiss"]
[EventRounds "9"]
[EventCountry "GER"]
[SourceTitle "EXT 2007"]
[Source "ChessBase"]
[SourceDate "2006.11.23"]
[SourceVersion "1"]
[SourceVersionDate "2006.11.23"]
[SourceQuality "1"]

1. d4 Nf6 2. Nf3 b6 3. c4 e6 4. a3 Ba6 5. Qc2 c5 6. Bg5 Be7 7. e4 0-0 8. Bd3 h6 9. Bd2 cxd4 10. Nxd4 d6 11. 0-0 Qd7 12. Nc3 Nc6 13. Nf3 Rac8 14. b4 Ne5 15. Nxe5 dxe5 16. Rfd1 Rfd8 17. Be1 Qc7 18. b5 Bb7 19. a4 Nd7 20. f3 Bc5+ 21. Bf2 Bd4 22. Be2 Qc5 23. Bf1 Nf6 24. Na2 Rd7 25. Bxd4 Rxd4 26. Kh1 Rcd8 27. Rxd4 exd4 28. Rd1 e5 29. Nc3 Rc8 30. Nb1 Rc7 31. Nd2 Bc8 32. Qa2 Be6 33. Qb2 Ne8 34. g3 Nd6 35. Rc1 f5 36. Bd3 f4 37. gxf4 exf4 38. Nb3 Qb4 39. Qxd4 Nf7 40. Qc3 Qxc3 41. Rxc3 Ne5 42. Nd4 Bf7 43. Be2 1/2-1/2

[Event "Berlin op 09"]
[Site "Berlin"]
[Date "2006.10.02"]
[Round "3"]
[White "Kaiser, Martin"]
[Black "Kachibadze, Georg"]
[Result "1/2-1/2"]
[WhiteElo "2186"]
[BlackElo "1939"]
[PlyCount "92"]
[EventDate "2006.09.30"]
[EventType "swiss"]
[EventRounds "9"]
[EventCountry "GER"]
[SourceTitle "EXT 2007"]
[Source "ChessBase"]
[SourceDate "2006.11.23"]
[SourceVersion "1"]
[SourceVersionDate "2006.11.23"]
[SourceQuality "1"]

1. e4 c5 2. c3 Nf6 3. e5 Nd5 4. Nf3 Nc6 5. Bc4 e6 6. 0-0 d6 7. d4 cxd4 8. cxd4 Be7 9. Qe2 0-0 10. Bd2 Qb6 11. Bc3 Bd7 12. Nbd2 Rac8 13. exd6 Bxd6 14. Ne4 Be7 15. Rfe1 Qc7 16. Bb3 b6 17. Rac1 Qb8 18. a3 h6 19. Bd2 Nf4 20. Qe3 Ng6 21. d5 exd5 22. Bxd5 Nce5 23. Nxe5 Qxe5 24. Rxc8 Rxc8 25. Qb3 Be6 26. Bxe6 Qxe6 27. Qxe6 fxe6 28. Rc1 Rxc1+ 29. Bxc1 Ne5 30. Be3 Nc4 31. Bd4 Kf7 32. Kf1 Bf6 33. Nxf6 gxf6 34. a4 e5 35. Bc3 a6 36. Ke2 Ke6 37. Kd3 Kd5 38. b3 Nd6 39. Bb4 Ne4 40. f3 Ng5 41. Bd2 h5 42. Bxg5 fxg5 43. b4 a5 44. b5 h4 45. h3 Kc5 46. Kc3 Kd5 1/2-1/2

[Event "Oberliga Nord O 0506"]
[Site "Germany"]
[Date "2006.03.12"]
[Round "8.3"]
[White "Kaiser, Martin"]
[Black "Federau, Juergen"]
[Result "1/2-1/2"]
[WhiteElo "2186"]
[BlackElo "2220"]
[PlyCount "55"]
[EventDate "2005.10.23"]
[EventType "team-tourn"]
[EventRounds "9"]
[EventCountry "GER"]
[SourceTitle "EXT 2007"]
[Source "ChessBase"]
[SourceDate "2006.11.23"]
[SourceVersion "1"]
[SourceVersionDate "2006.11.23"]
[SourceQuality "1"]
[WhiteTeam "Weisse Dame"]
[BlackTeam "Kreuzberg III"]
[WhiteTeamCountry "GER"]
[BlackTeamCountry "GER"]

1. e4 c5 2. c3 d5 3. exd5 Qxd5 4. d4 Nf6 5. Nf3 Bg4 6. dxc5 Qxc5 7. Na3 g6 8. Be3 Qc8 9. Qa4+ Bd7 10. Qh4 Nc6 11. Bc4 Bg7 12. 0-0 0-0 13. Bh6 Bxh6 14. Qxh6 Ng4 15. Qh4 Kg7 16. Rfe1 Nf6 17. Bb3 h6 18. Ne5 Nxe5 19. Rxe5 e6 20. Rd1 Bc6 21. Re2 b5 22. Red2 Qb7 23. f3 a5 24. Qd4 Rfd8 25. Qe5 Qb6+ 26. Kh1 Rxd2 27. Rxd2 Rd8 28. Qe2 1/2-1/2

[Event "Oberliga Nord O 0506"]
[Site "Germany"]
[Date "2005.10.23"]
[Round "1.4"]
[White "Schulz, Karsten"]
[Black "Kaiser, Martin"]
[Result "1/2-1/2"]
[WhiteElo "2314"]
[BlackElo "2186"]
[PlyCount "123"]
[EventDate "2005.10.23"]
[EventType "team-tourn"]
[EventRounds "9"]
[EventCountry "GER"]
[SourceTitle "EXT 2007"]
[Source "ChessBase"]
[SourceDate "2006.11.23"]
[SourceVersion "1"]
[SourceVersionDate "2006.11.23"]
[SourceQuality "1"]
[WhiteTeam "Cottbus"]
[BlackTeam "Weisse Dame"]
[WhiteTeamCountry "GER"]
[BlackTeamCountry "GER"]

1. c4 e5 2. Nc3 Nf6 3. g3 Nc6 4. Bg2 Bb4 5. e4 0-0 6. Nge2 d6 7. 0-0 a6 8. h3 Rb8 9. d3 h6 10. f4 b5 11. fxe5 dxe5 12. Nd5 Nxd5 13. cxd5 Ne7 14. d4 Bd6 15. dxe5 Bxe5 16. Bf4 Ng6 17. Qc2 Bd7 18. Rac1 Rc8 19. Rfd1 Qf6 20. Bxe5 Nxe5 21. Qc3 Rfe8 22. Nf4 Qb6+ 23. Kh2 Qd6 24. Rf1 Re7 25. Rf2 Nc4 26. b3 Ne5 27. Rcf1 b4 28. Qd2 Bb5 29. Rd1 Rce8 30. Nh5 Qg6 31. g4 Bd7 32. Ng3 Qd6 33. Qf4 Ng6 34. Qxd6 cxd6 35. Rc2 Ne5 36. Rc7 Kf8 37. Rdc1 g6 38. Bf1 Ra8 39. Kg2 Ree8 40. Kf2 Rec8 41. Ke3 Rxc7 42. Rxc7 Rc8 43. Rxc8+ Bxc8 44. Ne2 Ke7 45. Nd4 Kd8 46. Nc2 a5 47. Nd4 Bd7 48. Be2 Kc7 49. Nc2 Kb6 50. Kd4 Bb5 51. Bxb5 Kxb5 52. Ne3 Nf3+ 53. Kd3 Ne5+ 54. Ke2 Kc5 55. Nc2 Kb6 56. Ke3 Kc5 57. Ne1 Kb6 58. Kd4 Kb5 59. Nc2 Nf3+ 60. Ke3 Ne5 61. Nd4+ Kc5 62. Nc2 1/2-1/2

[Event "Oberliga Nord O 0405"]
[Site "Germany"]
[Date "2005.03.13"]
[Round "8.3"]
[White "Grzesik, Thomas"]
[Black "Kaiser, Martin"]
[Result "1-0"]
[WhiteElo "2285"]
[BlackElo "2207"]
[PlyCount "77"]
[EventDate "2004.10.24"]
[EventType "team-tourn"]
[EventRounds "9"]
[EventCountry "GER"]
[SourceTitle "EXT 2006"]
[Source "ChessBase"]
[SourceDate "2005.11.24"]
[SourceVersion "1"]
[SourceVersionDate "2005.11.24"]
[SourceQuality "1"]
[WhiteTeam "Greifswald"]
[BlackTeam "Weisse Dame"]
[WhiteTeamCountry "GER"]
[BlackTeamCountry "GER"]

1. e4 c5 2. Nf3 Nc6 3. d3 g6 4. g3 Bg7 5. Bg2 e5 6. 0-0 Nge7 7. c3 0-0 8. Be3 d6 9. Na3 h6 10. Qd2 Kh7 11. Ne1 Be6 12. f4 b6 13. f5 Bd7 14. f6 Bxf6 15. Rxf6 Nf5 16. exf5 Qxf6 17. Bxh6 Rg8 18. Bg5 Qxf5 19. Nb5 f6 20. Be3 Rad8 21. Bd5 Rgf8 22. Nxd6 Qh3 23. Nf7 Rb8 24. Nf3 Qh5 25. Rf1 Ne7 26. Bb3 Bg4 27. Nh4 Ng8 28. Qg2 Kg7 29. Qc6 g5 30. Nxg5 fxg5 31. Qc7+ Kh6 32. Qd6+ Nf6 33. Rxf6+ Rxf6 34. Qxf6+ Kh7 35. Qe7+ Kh8 36. Qxe5+ Kh7 37. Qc7+ Kh6 38. Qxb8 Be6 39. Qh8# 1-0

[Event "Oberliga Nord O 0304"]
[Site "Germany"]
[Date "2004.03.07"]
[Round "7.6"]
[White "Birk, Rainer"]
[Black "Kaiser, Martin"]
[Result "1-0"]
[WhiteElo "2195"]
[BlackElo "2197"]
[PlyCount "57"]
[EventDate "2003.10.12"]
[EventType "team-tourn"]
[EventRounds "9"]
[EventCountry "GER"]
[SourceTitle "EXT 2005"]
[Source "ChessBase"]
[SourceDate "2004.11.15"]
[SourceVersion "1"]
[SourceVersionDate "2004.11.15"]
[SourceQuality "1"]
[WhiteTeam "Cottbus"]
[BlackTeam "Weisse Dame"]
[WhiteTeamCountry "GER"]
[BlackTeamCountry "GER"]

1. d4 Nf6 2. Nf3 e6 3. Bg5 c5 4. Bxf6 Qxf6 5. Nc3 cxd4 6. Qxd4 Qxd4 7. Nxd4 a6 8. a3 Nc6 9. e3 d5 10. f4 Bd6 11. Nf3 Bd7 12. g3 f5 13. Rd1 Ke7 14. Bd3 g6 15. h3 b5 16. Kf2 Na5 17. Ne2 Nc4 18. Rb1 a5 19. Ned4 b4 20. a4 Bxa4 21. b3 Na3 22. bxa4 Nxb1 23. Rxb1 h6 24. Bb5 g5 25. fxg5 hxg5 26. Nxg5 Rag8 27. h4 Be5 28. Nc6+ Kf6 29. Nxe5 1-0

[Event "Berlin Eckbauer op 4th"]
[Site "Berlin"]
[Date "2001.10.29"]
[Round "5"]
[White "Kaiser, Martin"]
[Black "Schmidt, Peter2222"]
[Result "1/2-1/2"]
[WhiteElo "1845"]
[BlackElo "2086"]
[PlyCount "102"]
[EventDate "2001.10.??"]
[EventType "swiss"]
[EventRounds "7"]
[EventCountry "GER"]
[SourceTitle "EXT 2005"]
[Source "ChessBase"]
[SourceDate "2004.11.15"]
[SourceVersion "1"]
[SourceVersionDate "2004.11.15"]
[SourceQuality "1"]

1. e4 g6 2. d4 Bg7 3. Nc3 d6 4. f4 c6 5. Nf3 Qb6 6. Bc4 Nh6 7. h3 e6 8. Bb3 Bd7 9. 0-0 Na6 10. Na4 Qc7 11. c4 0-0 12. Be3 d5 13. cxd5 exd5 14. exd5 Nf5 15. Bf2 Qxf4 16. Nc3 Rad8 17. Ne5 Nc7 18. Ne2 Qg5 19. Qc1 Qxc1 20. Raxc1 Nxd5 21. Bxd5 cxd5 22. Rc7 Bb5 23. Re1 f6 24. Nf3 Rf7 25. Rc5 Bc6 26. Nf4 Bh6 27. Ne6 Re8 28. g4 Nd6 29. g5 fxg5 30. Nexg5 Rxe1+ 31. Bxe1 Rf5 32. h4 Bf8 33. Rc3 h6 34. Ne6 Ne4 35. Re3 Bd6 36. Kg2 Bd7 37. Nd8 b6 38. Nb7 Bc7 39. Nd2 Bc6 40. Nxe4 dxe4 41. Rc3 Bxb7 42. Rxc7 Rf7 43. Rxf7 Kxf7 44. Kg3 Ke6 45. Bd2 Kd5 46. Bxh6 Kxd4 47. Kf2 Kd3 48. Bf4 b5 49. a3 a5 50. Bg5 b4 51. axb4 axb4 1/2-1/2

[Event "JBLN Ost 0001"]
[Site "Germany"]
[Date "2000.09.24"]
[Round "?"]
[White "Kaiser, Martin"]
[Black "Freyberg, Dominic"]
[Result "1-0"]
[WhiteElo "1789"]
[BlackElo "1959"]
[PlyCount "61"]
[EventDate "2000.??.??"]
[EventType "team"]
[EventRounds "9"]
[EventCountry "GER"]
[SourceTitle "EXT 2003"]
[Source "ChessBase"]
[SourceDate "2002.11.25"]
[SourceVersion "1"]
[SourceVersionDate "2002.11.25"]
[SourceQuality "1"]

1. e4 e5 2. Nf3 d6 3. d4 f5 4. Nc3 Nf6 5. Bg5 exd4 6. Qxd4 Be7 7. Bc4 Nc6 8. Qe3 Ng4 9. Qf4 Rf8 10. 0-0 Nge5 11. Bxe7 Qxe7 12. Nd5 Qf7 13. Bb5 Nxf3+ 14. Qxf3 Be6 15. Nb4 Bd7 16. Bxc6 bxc6 17. exf5 Qc4 18. Rfe1+ Kd8 19. Re4 Qc5 20. Qe2 d5 21. Nd3 Qd6 22. Re5 Rxf5 23. Re1 Rxe5 24. Nxe5 Qf6 25. Qe3 Kc8 26. Nd3 Rb8 27. Qxa7 Qg6 28. Qc5 Bf5 29. Ne5 Qd6 30. Qxd6 cxd6 31. Nxc6 1-0